| 000 | 01026nac a22002651u 4500 | ||
|---|---|---|---|
| 010 | _a 00034879 | ||
| 020 | _a0072909803 (alk. paper) | ||
| 022 | _a007118189x [International ed.] | ||
| 082 | 0 | 0 |
_a621.3848 _bSKO |
| 090 |
_c5929 _d5929 |
||
| 100 | _aSkolnik, Merrill I. | ||
| 245 | 1 | 0 |
_aIntroduction to radar systems / _cMerrill I. Skolnik. |
| 250 | _a3rd ed. | ||
| 260 |
_aBoston : _bMcGraw Hill,c.2001. _cc.2001. |
||
| 300 |
_axii, 772 p. : _bill. ; _c24 cm. |
||
| 500 | _aIncludes index. | ||
| 500 | _aAccompanied by Solutions manual (1 v. various pagings). | ||
| 500 | _aDistributer : Al-Ahram. | ||
| 511 | _aCatalogued By : Mahitab. | ||
| 650 | 0 | _aRadar. | |
| 856 | 4 | 2 |
_3Publisher description _uhttp://www.loc.gov/catdir/description/mh021/00034879.html |
| 856 | 4 | 2 |
_3Table of contents _uhttp://www.loc.gov/catdir/toc/mh021/00034879.html |
| 942 |
_cBB _k621.3848SKO |
||
| 999 |
_c5929 _d5929 |
||